Statistiques concernant Pays d'origine des personnages de fiction.

Cliquez ici pour prendre le quiz!

Statistiques générales

  • Ce quiz a été pris 165 fois
  • Le résultat moyen est 11 sur 19

Statistiques - réponses

HintRéponse% Correct
Homer SimpsonÉtats-Unis
93%
Arsène LupinFrance
84%
NumérobisÉgypte
81%
MulanChine
80%
DraculaRoumanie
80%
James BondRoyaume-Uni
78%
RyuJapon
74%
Niko BellicSerbie
61%
Don CamilloItalie
60%
BoratKazakhstan
57%
Gaston LagaffeBelgique
51%
HamletDanemark
47%
Crâne RougeAllemagne
46%
Tony MontanaCuba
46%
MafaldaArgentine
39%
Jamal MalikInde
39%
Viktor KrumBulgarie
38%
Hans LandaAutriche
23%
Hannibal LecterLituanie
16%

Distribution des résultats

Percentile par nombre de réponses

% des personnes avec chaque résultat

Votre développement - résultats

Vous n’avez pas pris ce quiz